Close-Up 'F' Images Quiz Stats

Quiz Updated Nov 2, 2016

Challenge
Share
Tweet
Score 0/20 Timer 04:00
2 Plays Today
% Correct
Fork
99.4%
Foot
99.3%
Fingers
98.9%
Fox
98.5%
Frog
98.2%
Flashlight
98.1%
Feather
97.9%
Fan
97.4%
Fish and Chips
96.7%
Fountain
96.2%
% Correct
Flying Disc
95.9%
Fireplace
95.8%
Flute
93.9%
Flamingo
93.7%
Fuchsia
93.1%
Fudge
91.5%
Fruitcake
82.6%
Fossil
71.4%
Floppy Disk
70%
Fig
63.6%

You're not logged in!

Compare scores with friends on all Sporcle quizzes.
Sign Up with Email
OR
Log In

You Might Also Like...

Show Comments

Extras

Top Quizzes Today


Score Distribution

Your Account Isn't Verified!

In order to create a playlist on Sporcle, you need to verify the email address you used during registration. Go to your Sporcle Settings to finish the process.